| 000 | 00317nam a22000977a 4500 | ||
|---|---|---|---|
| 008 | 150401b xxu||||| |||| 00| 0 eng d | ||
| 020 |
_a0333170881 _cAvailable |
||
| 082 |
_a541.33NIC _b002849 |
||
| 245 |
_aComplexes and First-Row Transition Elements _cNicholls David _hEnglish |
||
| 260 |
_aLondon _bMacmillan Education LTD _c1974 |
||
| 999 |
_c24770 _d24770 |
||